Predpoveď účinnosti liečiv proti hlavnej proteáze SARS-CoV-2 pomocou strojového učenia
Gespeichert in:
| 1. Verfasser: | |
|---|---|
| Weitere Verfasser: | |
| Format: | Manuskript Buch |
| Sprache: | Slowakisch |
| Veröffentlicht: |
2025
|
| Schlagworte: | |
| Online-Zugang: | http://is.stuba.sk/zp/portal_zp.pl?podrobnosti=168805 |
| Tags: |
Keine Tags, Fügen Sie das erste Tag hinzu!
|
MARC
| LEADER | 00000ntm a22000003a 4500 | ||
|---|---|---|---|
| 001 | stuzp104651 | ||
| 003 | SK-STU | ||
| 005 | 20250628211833.3 | ||
| 007 | ta | ||
| 008 | 150427s2015----xo-----f-mn---000-0-slo-d | ||
| 040 | |a STU |b slo | ||
| 041 | 0 | |a slo | |
| 100 | 1 | |a Sláviková, Hana |u 045280 |4 aut |U FCHPT Ústav fyzikálnej chémie a chemickej fyziky |T FCHPT Oddelenie chemickej fyziky |X 116065 |U C5280 |Y 118 |7 116065 | |
| 242 | 0 | 1 | |a Prediction of Drug Efficacy against Main Protease SARS-CoV-2 by Machine Learning |y eng |
| 245 | 1 | 0 | |a Predpoveď účinnosti liečiv proti hlavnej proteáze SARS-CoV-2 pomocou strojového učenia |
| 260 | |c 2025 | ||
| 650 | 4 | |a neurónové siete |2 slo | |
| 650 | 4 | |a SchNetPack |2 slo | |
| 650 | 4 | |a RMSE |2 slo | |
| 650 | 4 | |a vývoj liečiv |2 slo | |
| 650 | 4 | |a hlboká neurónová sieť |2 slo | |
| 650 | 4 | |a dokovacie skóre |2 slo | |
| 650 | 4 | |a MAE |2 slo | |
| 650 | 4 | |a RMSE |2 eng | |
| 650 | 4 | |a neural network |2 eng | |
| 650 | 4 | |a deep neural network |2 eng | |
| 650 | 4 | |a SchNetPack |2 eng | |
| 650 | 4 | |a MAE |2 eng | |
| 650 | 4 | |a docking score |2 eng | |
| 650 | 4 | |a drug development |2 eng | |
| 700 | 1 | |a Matúška, Ján |u 045280 |k Z1 |4 ths |U FCHPT Ústav fyzikálnej chémie a chemickej fyziky |T FCHPT Oddelenie chemickej fyziky |X 42412 |U C5280 |Y 118 |7 A0000042412 | |
| 856 | 4 | |u http://is.stuba.sk/zp/portal_zp.pl?podrobnosti=168805 | |